Zapatitos de ganchillo (Registro nro. 138431)

Detalles MARC
000 -LEADER
campo de control de longitud fija 00581nam a2200181 4500
001 - NÚMERO DE CONTROL
campo de control 138431
003 - IDENTIFICADOR DE NÚMERO DE CONTROL
campo de control ES-MaACL
005 - FECHA Y HORA DE LA ÚLTIMA TRANSACCIÓN
campo de control 20230906195550.0
007 - CAMPO FIJO DE DESCRIPCIÓN FÍSICA--INFORMACIÓN GENERAL
campo de control de longitud fija t|
008 - DATOS DE LONGITUD FIJA--INFORMACIÓN GENERAL
campo de control de longitud fija 070214s1972 sp r ||||1| spa d
100 1# - ENTRADA PRINCIPAL--NOMBRE DE PERSONA
Nombre de persona Sangines Fumero, María.
9 (RLIN) 103139
245 10 - MENCIÓN DEL TÍTULO
Título Zapatitos de ganchillo
Resto del título : (comedia en tres actos) ; y Damián : (comedia en dos actos) /
Mención de responsabilidad, etc. María Sangines Fumero.
250 ## - MENCION DE EDICION
Mención de edición 1ª ed.
260 ## - PUBLICACIÓN, DISTRIBUCIÓN, ETC.
Lugar de publicación, distribución, etc. Bilbao :
Nombre del editor, distribuidor, etc. Comunicación Literaria de Autores,
Fecha de publicación, distribución, etc. 1972 (
Fabricante Ayala)
300 ## - DESCRIPCIÓN FÍSICA
Extensión 82 p. ;
Dimensiones 17 cm.
740 0# - ENTRADA AGREGADA--TÍTULO RELACIONADO/ANALÍTICO NO CONTROLADO
Título relacionado o analítico no controlado Damián.
852 ## - LOCALIZACIÓN
Ubicación ES-MaACL
Número de control de estantería C-43910
Sublocalización o colección R.82362
Existencias
Estatus retirado Estado de pérdida Estado de daño No para préstamo Biblioteca de origen Biblioteca actual Ubicación en estantería Fecha de adquisición Fuente de adquisición Total de préstamos Signatura topográfica completa Código de barras Visto por última vez Precio de reemplazo Tipo de ítem Koha
        Biblioteca del Ateneo de Madrid Biblioteca del Ateneo de Madrid Depósito 2 17/01/2008     C-43910 1144045 23/02/2023 23/02/2023 Libro impreso